000 00463nam a2200169Ia 4500
003 GCL
008 140319s9999 xx 000 0 ara d
020 _a974835631
040 _aGCL /
_cGCL
082 0 4 _a895.911
_bA A
245 1 0 _aANTHOLOGY OF ASEAN LITERATURES
260 _aتايلانــد :
_bTHE ASEAN COMMITTEE ON CULTURE ،
_c1987
300 _a24 CM ؛
_c3 VOL X 2 COPIES
650 0 4 _aTHAILAND
650 0 4 _aTHAILAND - LITERATURE
942 _2ddc
_cBK
999 _c1980
_d1980